<?xml version="1.0" encoding="UTF-8"?>
<collection xmlns="http://www.loc.gov/MARC21/slim">
 <record>
  <leader>00556pamaa2200169   4500</leader>
  <controlfield tag="001">0000037784</controlfield>
  <controlfield tag="005">20060602090000.0</controlfield>
  <datafield tag="020" ind1="0" ind2="0">
   <subfield code="a">0070335281 </subfield>
  </datafield>
  <datafield tag="082" ind1=" " ind2=" ">
   <subfield code="a">621.381 HAN</subfield>
  </datafield>
  <datafield tag="090" ind1="0" ind2="0">
   <subfield code="a">TK7825 </subfield>
   <subfield code="b">HAN 1988</subfield>
  </datafield>
  <datafield tag="245" ind1="1" ind2="0">
   <subfield code="a">HANDBOOK of electronics calculations : </subfield>
   <subfield code="b">for engineers and technician  </subfield>
   <subfield code="c">editors Milton Kaufman, Arthur H. Seidman.</subfield>
  </datafield>
  <datafield tag="250" ind1="0" ind2="0">
   <subfield code="a">2nd ed.</subfield>
  </datafield>
  <datafield tag="260" ind1="0" ind2="0">
   <subfield code="a">New York: </subfield>
   <subfield code="b">McGraw-Hill, </subfield>
   <subfield code="c">1988.</subfield>
  </datafield>
  <datafield tag="300" ind1=" " ind2=" ">
   <subfield code="a">xx, various paging: </subfield>
   <subfield code="b">ill.; </subfield>
   <subfield code="c">23 cm.</subfield>
  </datafield>
  <datafield tag="650" ind1="0" ind2="0">
   <subfield code="a">Electronics -- </subfield>
   <subfield code="x">handbooks, manuals, etc </subfield>
  </datafield>
  <datafield tag="700" ind1="1" ind2="1">
   <subfield code="a">Kaufman, </subfield>
   <subfield code="h">Milton </subfield>
  </datafield>
  <datafield tag="700" ind1="1" ind2="1">
   <subfield code="a">Seidman, </subfield>
   <subfield code="h">Arthur H </subfield>
  </datafield>
 </record>
</collection>
